000
00320nam a2200133Ia 4500
008
191201s2006 xx 000 0 und d
100
_a
NARAYAN, R K
245
2
_a
A Tiger of Malgudi
250
_a
9th
260
_a
N.Delhi
_b
Indian Thought Publision
_c
2006
300
_a
176
650
_a
General Books
942
_2
ddc
_c
BK
999
_c
2403
_d
2403